00598nam a2200157Ia 4500008004100000040001700041041001200058082001600070100005900086245006000145260006700205300001100272942000700283952013300290999001700423230917s9999||||xx |||||||||||||| ||und|| e170580aMAIN aEnglish a301.426 I8N aInternational Institute for population science, Bombay 0aNational family health survey (MCH and family planning) aChandigarhbPopulation Research Centre Punjab Universityc1993 a296 p. cBK 0010406301_426000000000000_I8N709122433aMAINbMAINd2010-12-06l0o301.426 I8Np156557r2023-09-17 20:58:42w2023-09-17yBK c80053d80053